书目信息 |
| 题名: |
花椒优质高效栽培技术
|
|
| 作者: | 李建成 , 李红霞 主编 | |
| 分册: | ||
| 出版信息: | 郑州 黄河水利出版社 2021.06 |
|
| 页数: | 116页 | |
| 开本: | 21cm | |
| 丛书名: | ||
| 单 册: | ||
| 中图分类: | S573.048 | |
| 科图分类: | ||
| 主题词: | 花椒--hua jiao--高产栽培 | |
| 电子资源: | ||
| ISBN: | 978-7-5509-2991-3 | |
| 000 | 01147nam0 2200253 450 | |
| 001 | CAL 0120217207068 | |
| 005 | 20230217093112.0 | |
| 010 | @a978-7-5509-2991-3@dCNY28.00 | |
| 100 | @a20210719d2021 em y0chiy0120 ea | |
| 101 | 0 | @achi |
| 102 | @aCN@b410000 | |
| 105 | @aak a 000yy | |
| 106 | @ar | |
| 200 | 1 | @a花椒优质高效栽培技术@Ahua jiao you zhi gao xiao zai pei ji shu@f李建成, 李红霞主编 |
| 210 | @a郑州@c黄河水利出版社@d2021.06 | |
| 215 | @a116页@c图@d21cm | |
| 320 | @a有书目 (第116页) | |
| 330 | @a本书是作者的精心著作, 以指导无公害花椒生产, 扩大无公害花椒综合利用为宗旨, 针对生产实际和读者需要, 系统介绍了高产、优质花椒无公害栽培对环境条件的要求、优良品种、果园建立、土肥水管理、整形修剪、保花保果、树体保护、主要病虫无公害优化防治、采收、贮藏、加工利用技术等, 即无公害花椒生产的产前、产中和产后系列实用新技术。全书以无公害高产、优质、实用新技术为主线, 内容新颖, 重点突出, 技术先进, 科学实用, 浅显易懂。 | |
| 606 | 0 | @a花椒@Ahua jiao@x高产栽培 |
| 690 | @aS573.048@v5 | |
| 701 | 0 | @a李建成@Ali jian cheng@4主编 |
| 701 | 0 | @a李红霞@Ali hong xia@4主编 |
| 801 | 0 | @aCN@bBJXHZP@c20230228 |
| 905 | @b1401549-52@dS573.048@e145@f4 | |
| 花椒优质高效栽培技术/李建成, 李红霞主编.-郑州:黄河水利出版社,2021.06 |
| 116页:图;21cm |
| ISBN 978-7-5509-2991-3:CNY28.00 |
| 本书是作者的精心著作, 以指导无公害花椒生产, 扩大无公害花椒综合利用为宗旨, 针对生产实际和读者需要, 系统介绍了高产、优质花椒无公害栽培对环境条件的要求、优良品种、果园建立、土肥水管理、整形修剪、保花保果、树体保护、主要病虫无公害优化防治、采收、贮藏、加工利用技术等, 即无公害花椒生产的产前、产中和产后系列实用新技术。全书以无公害高产、优质、实用新技术为主线, 内容新颖, 重点突出, 技术先进, 科学实用, 浅显易懂。 |
| ● |
| 相关链接 |
|
|
|
|
正题名:花椒优质高效栽培技术
索取号:S573.048/145
 
预约/预借
| 序号 | 登录号 | 条形码 | 馆藏地/架位号 | 状态 | 备注 |
| 1 | 1401549 | 214015493 | 第二样本阅览室/ [索取号:S573.048/145] | 在馆 | |
| 2 | 1401550 | 214015509 | 第三借阅区/ [索取号:S573.048/145] | 在馆 | |
| 3 | 1401551 | 214015518 | 第三借阅区/ [索取号:S573.048/145] | 在馆 | |
| 4 | 1401552 | 214015527 | 第三借阅区/ [索取号:S573.048/145] | 在馆 |